2022 F1 Grid - Statistics

General Stats
  • This quiz has been taken 67 times
  • The average score is 19 of 20
Answer Stats
Team Nationality Answer % Correct
Ferrari Spanish Carlos Sainz
100%
McLaren British Lando Norris
100%
Red Bull Dutch Max Verstappen
100%
AlphaTauri French Pierre Gasly
100%
Red Bull Mexican Sergio Perez
100%
Williams Thai Alexander Albon
98%
Ferrari Monégasque Charles Leclerc
98%
McLaren Australian Daniel Ricciardo
98%
Alpine French Esteban Ocon
98%
Alpine Spanish Fernando Alonso
98%
Aston Martin Canadian Lance Stroll
98%
Mercedes British Lewis Hamilton
98%
AlphaTauri Japanese Yuki Tsunoda
98%
Aston Martin German Sebastian Vettel
97%
Alfa Romeo Chinese Zhou Guanyu
97%
Mercedes British George Russell
95%
Alfa Romeo Finnish Valtteri Bottas
95%
Haas Danish Kevin Magnussen
92%
Williams Canadian Nicholas Latifi
81%
Haas German Mick Schumacher
75%
No matching quizzes found
Score Distribution
Percent of People with Each Score
Percentile by Number Answered
Your Score History
You have not taken this quiz